Histoires juives / (Record no. 80144)

MARC details
000 -LEADER
campo de control de longitud fija 00458nam a2200169 i 4500
001 - NÚMERO DE CONTROL
campo de control 80144
003 - IDENTIFICADOR DE NÚMERO DE CONTROL
campo de control ES-MaACL
005 - FECHA Y HORA DE LA ÚLTIMA TRANSACCIÓN
campo de control 20230906174135.0
007 - CAMPO FIJO DE DESCRIPCIÓN FÍSICA--INFORMACIÓN GENERAL
campo de control de longitud fija t|
008 - DATOS DE LONGITUD FIJA--INFORMACIÓN GENERAL
campo de control de longitud fija 041026s1923 fr ||||1| fre d
245 00 - MENCIÓN DEL TÍTULO
Título Histoires juives /
Mención de responsabilidad, etc. recueillies par Raymond Geiger.
250 ## - MENCION DE EDICION
Mención de edición 52eme ed.
260 ## - PUBLICACIÓN, DISTRIBUCIÓN, ETC.
Lugar de publicación, distribución, etc. Paris :
Nombre del editor, distribuidor, etc. [s.n.,
Fecha de publicación, distribución, etc. 1923] (
Lugar de fabricación/manufactura Lagny :
Fabricante E. Grevin)
300 ## - DESCRIPCIÓN FÍSICA
Extensión 216 p. ;
Dimensiones 19 cm.
700 1# - ENTRADA AGREGADA--NOMBRE PERSONAL
Nombre de persona Geiger, Raymond.
9 (RLIN) 56216
852 ## - LOCALIZACIÓN
Ubicación ES-MaACL
Número de control de estantería A-3938
Holdings
Estatus retirado Estado de pérdida Estado de daño No para préstamo Biblioteca de origen Biblioteca actual Ubicación en estantería Fecha de adquisición Fuente de adquisición Total de préstamos Signatura topográfica completa Código de barras Visto por última vez Precio de reemplazo Tipo de ítem Koha
        Biblioteca del Ateneo de Madrid Biblioteca del Ateneo de Madrid Sala Pecera Planta 1 17/01/2008     A-3938 1083794 23/02/2023 23/02/2023 Libro impreso